| 000 | 00596nam a2200181Ia 4500 | ||
|---|---|---|---|
| 999 |
_c23218 _d23218 |
||
| 003 | OSt | ||
| 005 | 20200515090754.0 | ||
| 008 | 190216s9999||||xx |||||||||||||| ||und|| | ||
| 020 | _a9788174351425 | ||
| 040 | _coclc | ||
| 082 |
_a297.4 _bSTO/S |
||
| 100 |
_aStoddart, W _92237 |
||
| 245 | 0 |
_aSufism The Mystical Doctrines And The Idea Of Personality / _c W Stoddart ; R A Nicholson |
|
| 260 |
_bAdam Publishers&Distributors, _c2011. _aNew Delhi: |
||
| 300 | _a166p | ||
| 650 | 0 |
_aHistory & geography _vIslamic History _92271 |
|
| 942 |
_cBK _2ddc _h297.4 _iSTO/S _k297.4 _mSTO/S |
||